The life and adventures of Thomas Coryate.

Bibliographic Details
Main Author: Strachan, Michael
Format: Book
Language:English
Published: London, New York : Oxford University Press, 1962.
Subjects:

MARC

Tag First Indicator Second Indicator Subfields
LEADER 00000cam a2200000 4500
001 in00000257939
005 20151010054849.0
008 730802s1962 enkabc b 00000beng d
010 |a  62052512  
035 |a (OCoLC)00670221 
035 |9 ABC9077AM 
040 |c KSU  |d TXA  |d UtOrBLW 
049 |a TXAM  |c [352728] 
050 0 0 |a G246.C72  |b S8 
100 1 |a Strachan, Michael. 
245 1 4 |a The life and adventures of Thomas Coryate. 
264 1 |a London,  |a New York :  |b Oxford University Press,  |c 1962. 
300 |a x, 317 pages :  |b illustrations, portraits, maps (1 folded) facsimiles ;  |c 23 cm. 
336 |a text  |b txt  |2 rdacontent 
337 |a unmediated  |b n  |2 rdamedia 
338 |a volume  |b nc  |2 rdacarrier 
504 |a "Bibliographical notes": pages [293]-303. Bibliographical footnotes. 
600 1 0 |a Coryate, Thomas,  |d approximately 1577-1617. 
999 |a MARS 
999 f f |s 977cb956-0d0b-3af0-8043-a61582775113  |i 4631f0a3-3ca3-3cb6-b7ba-f9acba252fbe  |t 0 
952 f f |p ric  |a Texas A&M University  |b Rellis Campus  |c Joint Library Facility  |d Remote Storage  |t 0  |e G246.C72 S8  |h Library of Congress classification  |i unmediated -- volume  |m A14802383061 
998 f f |a G246.C72 S8  |t 0  |l Remote Storage